LEADER 00879nam0-2200325---450- 001 990008305100403321 005 20060330113153.0 010 $a0-631-23248-6 035 $a000830510 035 $aFED01000830510 035 $a(Aleph)000830510FED01 035 $a000830510 100 $a20060330d2005----km-y0itay50------ba 101 0 $aeng 102 $aGB 105 $aa-------001yy 200 1 $aTheories of mythology$fEric Csapo 210 $aOxford [etc.]$cBlackwell publishing$d©2005 215 $aXIII, 338 p.$cill.$d23 cm 225 1 $aAncient cultures 610 0 $aMitologia$aStoria 676 $a201.3$v22$zita 700 1$aCsapo,$bEric$0303634 801 0$aIT$bUNINA$gRICA$2UNIMARC 901 $aBK 912 $a990008305100403321 952 $a201.3 CSA 1$bBibl. 53496$fFLFBC 959 $aFLFBC 996 $aTheories of mythology$9745029 997 $aUNINA LEADER 01760nam 2200421 450 001 000014306 005 20050718115500.0 010 $a3-540-15225-3 100 $a20030619d1985----km-y0itay0103----ba 101 0 $aeng 102 $aDE 200 1 $aNumerical methods in fluid dynamics$electures given at the 3. 1983 session of the centro internazionale matematico estivo (CIME) held at Como, italy, july 7-15, 1983$fedited by F. Brezzi 210 $aBerlin [etc.]$cSpringer$dc1985 215 $aV, 333 p.$cill.$d25 cm. 225 2 $aLecture notes in mathematics$v1127 410 0$12001$aLecture notes in mathematics 606 $aAnalisi numerica$xCongressi 606 $aFluidi$xDinamica$xCongressi 676 $a620.1064$v(21. ed.)$9Meccanica dell'ingegneria (Meccanica applicata). Dinamica 691 $a65Nxx$9Numerical analysis. Partial differential equations, boundary value problems 691 $a76Dxx$9Fluid mechanics. Incompressible viscous fluids 691 $a49-XX$9Calculus of variations and optimal control; optimization 702 1$aBrezzi,$bFranco 712 02$aCentro internazionale matematico estivo$f<1983$e; Como> 801 0$aIT$bUniversitą della Basilicata - B.I.A.$gRICA$2unimarc 912 $a000014306 996 $aNumerical methods in fluid dynamics$979812 997 $aUNIBAS BAS $aMONSCI BAS $aSCIENZE CAT $aEXT002$b01$c20030619$lBAS01$h1015 CAT $c20050601$lBAS01$h1755 CAT $abatch$b01$c20050718$lBAS01$h1052 CAT $c20050718$lBAS01$h1111 CAT $c20050718$lBAS01$h1141 CAT $c20050718$lBAS01$h1155 FMT Z30 -1$lBAS01$LBAS01$mBOOK$1BASA2$APolo Tecnico-Scientifico$2GEN$BCollezione generale$3MAT$658620$5S58620$820030619$f51$FRiservati